This ski mountain's state - Statistics

General Stats
  • This quiz has been taken 9 times
  • The average score is 7 of 10
Answer Stats
Question Answer % Correct
Which mountain is in Vermont Jay Peak
100%
Which mountain is in New York Belleayre
88%
Which mountain is in New Hampshire Bretton Woods
88%
Which mountain is in Wyoming Jackson Hole
88%
Which mountain is in Oregon Timberline Lodge
88%
Which mountain is in Colorado Loveland
75%
Which mountain is in New Jersey Campgaw
63%
Which mountain is in Utah Powder
50%
Which mountain is in Nevada Heavenly
38%
Which mountain is in North Carolina Sugar
25%
No matching quizzes found
Score Distribution
Percent of People with Each Score
Percentile by Number Answered
Your Score History
You have not taken this quiz